00307nam a2200085Ia 4500008004100000041000800041100001700049245011800066260003700184241105s9999 xx 000 0 und d aeng aPatil Mugdha aIntegrated Water Management Strategies And Its Implementation For Case Study : Residential Township In Pune City. bM.Arch Environmental, Punec2012